000 00482pab a2200157 454500
008 180718b1988 xxu||||| |||| 00| 0 eng d
100 _aDhananjayan, R.S.
245 _aFactor substitution in India manufacturing sector
_bA disaggregative analysis of large non - traditional industries
260 _c1988
300 _a295-311
362 _aJan.
650 _aManufactures - India
700 _aMuthulakshimi
773 _aIndian Journal of Industrial Relations
909 _a13501
999 _c13501
_d13501